Diskusia o budúcnosti Európy - východiská a otázky

Proces európskej integrácie. Práce na nových zmluvných dokumentoch a od nich sa odvíjajúcej zmeny inštitucionálnych základov Európskej únie. Diskusia o všetkých stránkach európskeho projektu a jeho korektúrach resp. inováciách. Otázkou je, na ktorej z piatich možností sa budú schopní zhodnúť predsta...

Celý popis

Uložené v:
Podrobná bibliografia
Hlavný autor: Weiss, Peter
Médium: Kapitola
Jazyk:Slovak
Predmet:
Tagy: Pridať tag
Žiadne tagy, Buďte prvý, kto otaguje tento záznam!

MARC

LEADER 00000naa$a2200000$$$4500
001 0041410
005 20240502071511.0
041 0 |a slo 
044 |a SK 
245 1 0 |a Diskusia o budúcnosti Európy - východiská a otázky  |c Peter Weiss 
520 |a Proces európskej integrácie. Práce na nových zmluvných dokumentoch a od nich sa odvíjajúcej zmeny inštitucionálnych základov Európskej únie. Diskusia o všetkých stránkach európskeho projektu a jeho korektúrach resp. inováciách. Otázkou je, na ktorej z piatich možností sa budú schopní zhodnúť predstavitelia členských 25 krajín EÚ. 
610 2 0 |a integrácia ekonomická medzinárodná 
610 2 0 |a Európska únia 
610 2 0 |a projekty 
610 2 0 |a dokumenty 
610 2 0 |a diskusia 
100 1 |a Weiss, Peter